• 首页
  • 本馆介绍
  • 公告通知
  • 最新文献
  • 馆藏检索
  • 电子资源
  • 读者导购
  • 参考咨询
  • 我的图书馆
  • 登录
  • 详细信息显示
  • 放入我的书架
  • 预约/预借图书
  • 作者相关作品
  • 分类相关作品
  • 丛书相关作品
  • 出版社相关作品

书目信息

  • 表格格式
  • 工作单格式
  • 卡片格式
题名:
半导体物理问题与习题
    
 
作者: 田敬民 编著
分册:  
出版信息: 北京   国防工业出版社  2005
页数: 272页
开本: 23cm
丛书名:
单 册:
中图分类: O47
科图分类:
主题词: 半导体物理学--研究生--入学考试--升学参考资料 , 半导体物理学
电子资源:
ISBN: 7-118-03675-7
000 00834nam0 2200253 450
001 002939718
005 20061107162920.31
010    @a7-118-03675-7@dCNY23.00
100    @a20050119d2005 em y0chiy0110 ea
101 0  @achi
102    @aCN@b110000
105    @ay zq 000yy
200 1  @a半导体物理问题与习题@9ban dao ti wu li wen ti yu xi ti@f田敬民编著
205    @a2版
210    @a北京@c国防工业出版社@d2005
215    @a272页@d23cm
300    @a考研指导用书
330    @a本书配合《半导体物理学》教材内容,每章编写了要点分析,对各章内容进行概括;通过对例题和综合性习题的求解与分析,进一步强调了基本原理与基本概念。
606 0  @a半导体物理学@x研究生@x入学考试@j升学参考资料
606 0  @a半导体物理学
690    @aO47@v4
701  0 @a田敬民@9tian jing min@4编著
801  0 @aCN@bNLC@c20061107
905    @a10447@dO47@e12=2
    
    半导体物理问题与习题/田敬民编著.-2版.-北京:国防工业出版社,2005
    272页;23cm
    考研指导用书
    
    ISBN 7-118-03675-7:CNY23.00
    本书配合《半导体物理学》教材内容,每章编写了要点分析,对各章内容进行概括;通过对例题和综合性习题的求解与分析,进一步强调了基本原理与基本概念。
●
相关链接 在E读中查询图书 在五车中查询图书 在当当中查询图书 在豆瓣中查询图书


正题名:半导体物理问题与习题     索取号:O47/12=2         预约/预借

序号 登录号 条形码 馆藏地/架位号 状态 备注
1 0381624   203816246   第三借阅区/ [索取号:O47/12=2] 在馆    
2 0381625   203816255   第三借阅区/ [索取号:O47/12=2] 在馆    
3 0381626   203816264   第三借阅区/ [索取号:O47/12=2] 在馆    
4 0381627   203816273   第三借阅区/ [索取号:O47/12=2] 在馆    
5 0381628   203816282   第三借阅区/ [索取号:O47/12=2] 在馆    
唐山师范学院图书馆 欢迎您!
大连网信软件有限公司© 版权所有